Llei 10/2008, del 10 de juliol, del llibre quart del Codi civil de Catalunya, relatiu a les successions
MARC
| LEADER | 00000nam a2200000Ia 4500 | ||
|---|---|---|---|
| 001 | 21847 | ||
| 008 | 160829s2009 xx 000 0 cat d | ||
| 080 | |a D-4-46 | ||
| 100 | |a Catalunya. Llei del llibre quart del Codi civil de Catalunya, relatiu a les successions (2008) |9 46116 | ||
| 245 | |a Llei 10/2008, del 10 de juliol, del llibre quart del Codi civil de Catalunya, relatiu a les successions | ||
| 250 | |a Ed. no venal | ||
| 260 | |a Barcelona : |b Parlament de Catalunya, |c 2009 | ||
| 300 | |a 302 p. ; |c 17 cm | ||
| 490 | |a Textos legislatius ; 79 | ||
| 590 | |a Títol a la coberta: Llei del llibre quart del Codi civil de Catalunya, relatiu a les successions. | ||
| 590 | |a A la portada: Aprovada pel Ple del Parlament (tramitació núm. 200-00017/08) en la sessió núm. 39, del 18 de juny de 2008 (Diari de Sessions del Parlament de Catalunya, sèrie P, núm. 54/VIII); Publicada en el Butlletí Oficial del Parlament de Catalunya, núm. 296/VIII, del 7 de juliol de 2008; Promulgada el 10 de juliol de 2008 (Diari Oficial de la Generalitat de Catalunya, núm. 5175, del 17 de juliol de 2008). | ||
| 650 | |a Herències i successions |x Dret i legislació |x Catalunya |x 2008 |9 46117 | ||
| 710 | 1 | |a Catalunya. |b Parlament |9 11492 | |
| 901 | |a Arxiu | ||
| 942 | |n 1 | ||
| 952 | |0 1 |1 0 |2 udc |4 0 |5 2 |6 D446 |7 1 |9 53004 |a Arxiu |b Arxiu |d 2016-12-01 |l 0 |o D-4-46 |p 21847 |r 2016-12-01 00:00:00 |w 2016-12-01 |y ARXIU | ||
| 999 | |c 56853 |d 56853 | ||